| 000 | 00635nam a2200253 a 4500 | ||
|---|---|---|---|
| 001 | BRL_841 | ||
| 005 | 20190320210923.0 | ||
| 008 | 171013c1983----mx-a######---#000-0#spa-# | ||
| 020 | _a9681613759 | ||
| 041 | _aspa | ||
| 044 | _amx | ||
| 050 | 4 |
_aBL300 _b.D87 1983 |
|
| 100 | 1 |
_aDurand, José _d1925-1990 _925103 |
|
| 245 | 1 | 0 |
_aOcaso de sirenas _besplendor de manatíes _cJosé Durand. |
| 250 | _a2 | ||
| 260 |
_aMéxico _bFCE _c1983 |
||
| 300 |
_a239 p. _bil. _c22 cm. |
||
| 440 | 0 |
_aTezontle _94729 |
|
| 500 | _aAu962 | ||
| 650 | 1 | 4 |
_aMitología _99838 |
| 650 | 1 | 4 |
_aSirenas (Mitología) _92570 |
| 902 | _aGRL | ||
| 942 |
_2lcc _cB |
||
| 999 |
_c9653 _d9653 |
||